000 01321nam a2200337Ia 4500
001 ebr10632132
003 CaPaEBR
006 m o u
007 cr cn|||||||||
008 120827s2013 nju s 001 0 eng d
010 _z 2012026245
020 _z9780470648209 (cloth)
020 _z9781118418086
040 _aCaPaEBR
_cCaPaEBR
035 _a(OCoLC)822565426
050 1 4 _aHF5415.153
_b.P35 2013eb
245 0 4 _aThe PDMA handbook of new product development
_h[electronic resource] /
_cKenneth B. Kahn, editor.
246 3 0 _aHandbook of new product development
250 _a3rd ed.
260 _aHoboken, N.J. :
_bWiley,
_cc2013.
300 _axii, 492 p.
500 _aIncludes indexes.
533 _aElectronic reproduction.
_bPalo Alto, Calif. :
_cebrary,
_d2015.
_nAvailable via World Wide Web.
_nAccess may be limited to ebrary affiliated libraries.
650 0 _aProduct management
_zUnited States
_vHandbooks, manuals, etc.
650 0 _aNew products
_xManagement
_vHandbooks, manuals, etc.
655 7 _aElectronic books.
_2local
700 1 _aKahn, Kenneth B.
710 2 _aProduct Development & Management Association.
710 2 _aebrary, Inc.
856 4 0 _uhttp://site.ebrary.com/lib/rucke/Doc?id=10632132
_zAn electronic book accessible through the World Wide Web; click to view
999 _c52298
_d52298